[Event "Gijon op 1st"]
[Site "Gijon"]
[Date "2023.06.27"]
[Round "2"]
[White "Gonzalez Pereira, Asier"]
[Black "Martinez Duany, Lelys Stanley"]
[Result "1/2-1/2"]
[WhiteElo "2031"]
[BlackElo "2490"]
[PlyCount "81"]
[EventDate "2023.06.26"]
[EventType "swiss"]
[EventRounds "9"]
[EventCountry "ESP"]
[SourceTitle "EXT 2024"]
[Source "ChessBase"]
[SourceDate "2023.10.10"]
[SourceVersion "1"]
[SourceVersionDate "2023.10.10"]
[SourceQuality "1"]

1. e4 c5 2. Nc3 Nc6 3. Bb5 e5 4. Bxc6 dxc6 5. d3 Nf6 6. h3 c4 7. Nf3 cxd3 8. Nxe5 Nxe4 9. Nxe4 Qa5+ 10. Bd2 Qxe5 11. 0-0 Be6 12. cxd3 0-0-0 13. Qa4 a6 14. Rfc1 Qb5 15. Qxb5 axb5 16. a4 b4 17. a5 Bd5 18. Nc5 Bxc5 19. Rxc5 b3 20. Bf4 Kd7 21. Ra4 Ke6 22. Bc7 Rd7 23. Bb6 Re8 24. Rc1 f6 25. Re1+ Kf7 26. Rxe8 Kxe8 27. a6 bxa6 28. Rxa6 Bf7 29. Ra8+ Ke7 30. Ra7 Rxa7 31. Bxa7 Bg6 32. d4 Ke6 33. f3 Kd5 34. Kf2 Kc4 35. Ke3 Bd3 36. Bc5 f5 37. f4 Be4 38. g3 Kd5 39. Bf8 g6 40. Bg7 Ke6 41. h4 1/2-1/2

[Event "Villa de Gijon op 6th"]
[Site "Gijon"]
[Date "2022.09.16"]
[Round "9"]
[White "Gonzalez Pereira, Asier"]
[Black "Goluch, Piotr"]
[Result "0-1"]
[WhiteElo "2086"]
[BlackElo "2353"]
[PlyCount "152"]
[EventDate "2022.09.10"]
[EventType "swiss"]
[EventRounds "9"]
[EventCountry "ESP"]
[SourceTitle "CBM 210 Extra"]
[Source "ChessBase"]
[SourceDate "2022.11.30"]
[SourceVersion "1"]
[SourceVersionDate "2022.11.30"]
[SourceQuality "1"]

1. Nf3 d5 2. b3 c5 3. e3 a6 4. Bb2 Nf6 5. g3 Nc6 6. Bg2 Bg4 7. h3 Bh5 8. d3 e6 9. Nbd2 Be7 10. g4 Bg6 11. Nh4 0-0 12. Nxg6 fxg6 13. f4 Ne8 14. Nf3 g5 15. Qe2 gxf4 16. exf4 Nc7 17. 0-0 Rxf4 18. Ne5 Nd4 19. Bxd4 Rxf1+ 20. Rxf1 cxd4 21. Qf2 Bf6 22. Qxd4 Qd6 23. Re1 Nb5 24. Qe3 Bd8 25. Nf3 Bb6 26. d4 Re8 27. Kh1 Ba5 28. Rf1 Qg3 29. a4 Nc3 30. Qe5 Ne4 31. Kg1 Qxe5 32. Nxe5 Bc3 33. Rd1 Nd6 34. Rd3 Rc8 35. Nd7 Bb4 36. Nc5 Kf7 37. c4 dxc4 38. bxc4 b6 39. Nxa6 Rxc4 40. d5 e5 41. Nxb4 Rxb4 42. Rc3 Rc4 43. Rb3 Nc8 44. d6 Rd4 45. Bb7 Nxd6 46. Rxb6 Nxb7 47. Rxb7+ Kf6 48. a5 Ra4 49. Rb5 Ra2 50. Kf1 g6 51. h4 Ke6 52. Kg1 Ra4 53. g5 Rxh4 54. a6 Ra4 55. Rb7 Rxa6 56. Rxh7 Kf5 57. Rh4 Kxg5 58. Rb4 Rf6 59. Kg2 Rf4 60. Rb3 Kf5 61. Ra3 g5 62. Rb3 Rd4 63. Kg3 Rd5 64. Ra3 e4 65. Kf2 Rd2+ 66. Ke1 Rb2 67. Ra5+ Kf4 68. Ra3 g4 69. Kf1 g3 70. Kg1 e3 71. Ra8 e2 72. Rf8+ Ke3 73. Re8+ Kd2 74. Rd8+ Kc1 75. Re8 Kd1 76. Rd8+ Rd2 0-1

[Event "Euskadi-chT (Vasca) Div Honor"]
[Site "Bergara"]
[Date "2019.01.19"]
[Round "2.3"]
[White "Ortega Lopez, Mikel"]
[Black "Gonzalez Pereira, Asier"]
[Result "1/2-1/2"]
[WhiteElo "2256"]
[BlackElo "2067"]
[PlyCount "34"]
[EventDate "2019.01.12"]
[EventType "team-tourn"]
[EventRounds "9"]
[EventCountry "ESP"]
[SourceTitle "EXT 2021"]
[Source "ChessBase"]
[SourceDate "2020.10.23"]
[SourceVersion "1"]
[SourceVersionDate "2020.10.23"]
[SourceQuality "1"]
[WhiteTeam "Orvina"]
[BlackTeam "Itsas Zaldunak"]
[WhiteTeamCountry "ESP"]
[BlackTeamCountry "ESP"]

1. e4 c5 2. Nf3 Nc6 3. d4 cxd4 4. Nxd4 e6 5. Nc3 Qc7 6. g4 Nxd4 7. Qxd4 Nf6 8. e5 Bc5 9. Qf4 Nd5 10. Nxd5 exd5 11. Bd2 0-0 12. 0-0-0 d6 13. Bc3 d4 14. Bxd4 Bxd4 15. Qxd4 dxe5 16. Qe4 Be6 17. Bd3 g6 1/2-1/2

[Event "Euskadi-chT (Vasca) Div Honor"]
[Site "Bergara"]
[Date "2018.01.27"]
[Round "3.4"]
[White "Knorr Jarillo, Jose"]
[Black "Gonzalez Pereira, Asier"]
[Result "1/2-1/2"]
[WhiteElo "2167"]
[BlackElo "2085"]
[PlyCount "44"]
[EventDate "2018.01.13"]
[EventType "team-tourn"]
[EventRounds "9"]
[EventCountry "ESP"]
[SourceTitle "EXT 2020"]
[Source "ChessBase"]
[SourceDate "2019.10.17"]
[SourceVersion "1"]
[SourceVersionDate "2019.10.17"]
[SourceQuality "1"]
[WhiteTeam "Calasanz"]
[BlackTeam "Altzaga/Zaldunak"]
[WhiteTeamCountry "ESP"]
[BlackTeamCountry "ESP"]

1. e4 c5 2. c3 Nf6 3. e5 Nd5 4. d4 cxd4 5. Nf3 Nc6 6. Bc4 Nb6 7. Bb3 d6 8. exd6 e6 9. 0-0 Qxd6 10. cxd4 Be7 11. Nc3 0-0 12. Nb5 Qb8 13. g3 e5 14. dxe5 Bg4 15. h3 Bxf3 16. Qxf3 Qxe5 17. a4 a6 18. Be3 axb5 19. Bxb6 bxa4 20. Rxa4 Rxa4 21. Bxa4 Qxb2 22. Bxc6 Qxb6 1/2-1/2

[Event "Euskadi-chT (Vasca) Div Honor"]
[Site "Bergara"]
[Date "2017.02.04"]
[Round "4.4"]
[White "Gonzalez Pereira, Asier"]
[Black "Miguel Quintero, Francisco"]
[Result "1/2-1/2"]
[WhiteElo "2121"]
[BlackElo "2286"]
[PlyCount "34"]
[EventDate "2017.01.14"]
[EventType "team-tourn"]
[EventRounds "9"]
[EventCountry "ESP"]
[SourceTitle "EXT 2024"]
[Source "ChessBase"]
[SourceDate "2023.10.10"]
[SourceVersion "1"]
[SourceVersionDate "2023.10.10"]
[SourceQuality "1"]

1. e4 g6 2. d4 Bg7 3. Nf3 d6 4. Be2 Nf6 5. Nc3 0-0 6. 0-0 Nc6 7. d5 Ne5 8. Nxe5 dxe5 9. Bc4 a6 10. a4 Qd6 11. b3 Nh5 12. g3 Re8 13. Qe2 Bd7 14. Rd1 Nf6 15. a5 Nh5 16. f3 Rad8 17. Be3 h6 1/2-1/2

[Event "San Sebastian op 38th"]
[Site "San Sebastian"]
[Date "2015.03.28"]
[Round "1"]
[White "Gonzalez Pereira, Asier"]
[Black "Arri Martinez, Iker"]
[Result "1-0"]
[WhiteElo "2068"]
[BlackElo "1662"]
[PlyCount "117"]
[EventDate "2015.03.28"]
[EventType "swiss"]
[EventRounds "9"]
[EventCountry "ESP"]
[SourceTitle "CBM 165 Extra"]
[Source "ChessBase"]
[SourceDate "2015.04.21"]
[SourceVersion "1"]
[SourceVersionDate "2015.04.21"]
[SourceQuality "1"]

1. d4 Nf6 2. Nf3 d6 3. Nc3 Nbd7 4. e4 e5 5. Bc4 Be7 6. 0-0 0-0 7. Re1 c6 8. a4 Qc7 9. b3 b6 10. Ba3 Re8 11. d5 c5 12. Nd2 Nf8 13. Bf1 a6 14. g3 Bg4 15. f3 Bd7 16. Qe2 Ng6 17. Bb2 Qc8 18. Nc4 Qc7 19. a5 b5 20. Nb6 Rab8 21. Nd1 Bd8 22. Ne3 Qa7 23. Nxd7 Qxd7 24. Nf5 Nxd5 25. Bh3 Ngf4 26. gxf4 Nxf4 27. Nh6+ gxh6 28. Bxd7 Nxe2+ 29. Rxe2 Re7 30. Bf5 f6 31. Bc1 Rg7+ 32. Kf2 Rg5 33. Bxg5 hxg5 34. c3 Kg7 35. h4 h6 36. hxg5 fxg5 37. Ke3 b4 38. c4 Bc7 39. Rh2 Rh8 40. Bd7 Rd8 41. Bc6 Rb8 42. Rah1 Rh8 43. Ra1 Rb8 44. Bd5 Kg6 45. Rah1 Rh8 46. Bb7 Bxa5 47. Ra2 Bd8 48. Rxa6 Be7 49. Ra8 Rxa8 50. Bxa8 h5 51. Bc6 h4 52. Kf2 Kf7 53. Kg2 Ke6 54. Kh3 Kf6 55. Kg4 Ke6 56. Ra1 Kf6 57. Ra8 Ke6 58. Ra7 Kf6 59. Bd5 1-0

[Event "Almansa op-A"]
[Site "Almansa"]
[Date "2014.08.09"]
[Round "8"]
[White "Gonzalez Pereira, Asier"]
[Black "Mingarro Carceller, Sergi"]
[Result "1-0"]
[WhiteElo "2045"]
[BlackElo "2233"]
[PlyCount "73"]
[EventDate "2014.08.05"]
[EventType "swiss"]
[EventRounds "9"]
[EventCountry "ESP"]
[SourceTitle "EXT 2019"]
[Source "ChessBase"]
[SourceDate "2018.10.10"]
[SourceVersion "1"]
[SourceVersionDate "2018.10.10"]
[SourceQuality "1"]

1. e4 c5 2. Nf3 e6 3. c3 d5 4. exd5 Qxd5 5. Na3 Nf6 6. d4 a6 7. Nc4 Qd8 8. Bg5 b5 9. Nce5 cxd4 10. Nxd4 Bd6 11. Qf3 Bxe5 12. Qxa8 Qc7 13. Bxf6 Bb7 14. Qa7 Bxf6 15. Be2 0-0 16. 0-0 Be5 17. f4 Bd6 18. Bf3 Bxf3 19. Qxc7 Bxc7 20. Rxf3 Nd7 21. Rd1 Nb6 22. b3 Nd5 23. g3 Bb6 24. Kh1 Rc8 25. Rfd3 Nxc3 26. Rc1 b4 27. Ne2 Ba5 28. a3 Re8 29. Nxc3 bxc3 30. b4 Bd8 31. Rdxc3 Kf8 32. Rc8 Ke7 33. Ra8 g5 34. Rxa6 gxf4 35. gxf4 Rg8 36. Rg1 Re8 37. Ra8 1-0

[Event "San Sebastian op 36th"]
[Site "San Sebastian"]
[Date "2013.03.28"]
[Round "7"]
[White "Ruiz Escobar, Rafael"]
[Black "Gonzalez Pereira, Asier"]
[Result "0-1"]
[WhiteElo "1932"]
[BlackElo "2053"]
[PlyCount "71"]
[EventDate "2013.03.23"]
[EventType "swiss"]
[EventRounds "9"]
[EventCountry "ESP"]
[SourceTitle "CBM 153 Extra"]
[Source "ChessBase"]
[SourceDate "2013.04.22"]
[SourceVersion "1"]
[SourceVersionDate "2013.04.22"]
[SourceQuality "1"]

1. c4 e5 2. Nc3 Nf6 3. g3 d5 4. cxd5 Nxd5 5. Bg2 Nb6 6. Nf3 Nc6 7. 0-0 Be7 8. a3 0-0 9. b4 a6 10. d3 Re8 11. Bb2 f5 12. Rc1 Bf6 13. e3 Be6 14. b5 axb5 15. Nxb5 Na4 16. Ba1 Ra5 17. Ne1 Kh8 18. Nc3 Nc5 19. Bb2 Qd7 20. e4 Nd4 21. Nd5 Bd8 22. Bc3 Rb5 23. a4 Nxa4 24. Bxd4 exd4 25. Qxa4 Rxd5 26. Qa7 Rb5 27. f4 c6 28. Qa1 Ba5 29. Nf3 Bc3 30. Qa4 Bb2 31. Rb1 Bb3 32. Qa7 Bc2 33. Nxd4 Qc7 34. exf5 Ra5 35. Qxa5 Qxa5 36. Rxb2 0-1

[Event "Bizkaia-ch Preferente"]
[Site "Bilbao"]
[Date "2012.11.10"]
[Round "4.9"]
[White "Carnicero Rodriguez, Luis Carlos"]
[Black "Gonzalez Pereira, Asier"]
[Result "0-1"]
[WhiteElo "2046"]
[BlackElo "2065"]
[PlyCount "76"]
[EventDate "2012.10.20"]
[EventType "swiss"]
[EventRounds "6"]
[EventCountry "ESP"]
[SourceTitle "EXT 2024"]
[Source "ChessBase"]
[SourceDate "2023.10.10"]
[SourceVersion "1"]
[SourceVersionDate "2023.10.10"]
[SourceQuality "1"]

1. Nf3 c5 2. c4 Nc6 3. d4 cxd4 4. Nxd4 Nf6 5. Nc3 e6 6. g3 Qb6 7. Nb3 Ne5 8. e4 Bb4 9. Qe2 d6 10. f4 Nc6 11. Be3 Qc7 12. Bg2 0-0 13. 0-0 Bxc3 14. bxc3 b6 15. g4 Ba6 16. g5 Nd7 17. Rf3 Rfe8 18. Bf1 d5 19. Nd2 Na5 20. e5 Nxc4 21. Bd4 Nxd2 22. Qxd2 Bxf1 23. Raxf1 g6 24. h4 Nc5 25. h5 Ne4 26. Qh2 Kf8 27. Rh3 Ke7 28. hxg6 hxg6 29. Rh7 Kd8 30. Rf3 Kc8 31. a4 Kb7 32. Rfh3 Re7 33. Qb2 Qc4 34. a5 b5 35. a6+ Kxa6 36. R3h6 Rae8 37. Kg2 Kb7 38. Rh1 Qd3 0-1

[Event "Erandio op"]
[Site "Erandio"]
[Date "2007.12.21"]
[Round "8"]
[White "Gonzalez Pereira, Asier"]
[Black "Landa Manux, Josu"]
[Result "1-0"]
[WhiteElo "2007"]
[BlackElo "2018"]
[PlyCount "55"]
[EventDate "2007.12.17"]
[EventType "swiss"]
[EventRounds "9"]
[EventCountry "ESP"]
[SourceTitle "CBM 121 Extra"]
[Source "ChessBase"]
[SourceDate "2008.01.10"]
[SourceVersion "1"]
[SourceVersionDate "2008.01.10"]
[SourceQuality "1"]

1. e4 d5 2. exd5 Qxd5 3. Nc3 Qd6 4. d4 Nf6 5. Nf3 a6 6. Be2 Nc6 7. a3 Bg4 8. d5 Ne5 9. Nd4 0-0-0 10. f4 Bxe2 11. fxe5 Bxd1 12. exd6 Bh5 13. dxc7 Kxc7 14. Bf4+ Kc8 15. Be5 Ng4 16. Bg3 e5 17. Na4 b5 18. Nb6+ Kb7 19. Nc6 Re8 20. h3 Ne3 21. Bf2 Nxc2+ 22. Kd2 Nxa1 23. Na5+ Kb8 24. Rxa1 Be7 25. Be3 Bd8 26. Nc6+ Kb7 27. Na5+ Ka7 28. Rc1 1-0

[Event "Erandio op"]
[Site "Erandio"]
[Date "2007.12.18"]
[Round "5"]
[White "Moreto Quintana, Alexandre"]
[Black "Gonzalez Pereira, Asier"]
[Result "0-1"]
[WhiteElo "2121"]
[BlackElo "2007"]
[PlyCount "78"]
[EventDate "2007.12.17"]
[EventType "swiss"]
[EventRounds "9"]
[EventCountry "ESP"]
[SourceTitle "CBM 121 Extra"]
[Source "ChessBase"]
[SourceDate "2008.01.10"]
[SourceVersion "1"]
[SourceVersionDate "2008.01.10"]
[SourceQuality "1"]

1. e4 c5 2. Nf3 d6 3. d4 cxd4 4. Nxd4 Nf6 5. f3 a6 6. c4 e6 7. Nc3 Be7 8. Be3 Qc7 9. Be2 b6 10. 0-0 Bb7 11. Qd2 0-0 12. a4 Nbd7 13. a5 bxa5 14. Nb3 a4 15. Rxa4 Nc5 16. Nxc5 dxc5 17. Rfa1 Bd6 18. g3 Bxg3 19. hxg3 Qxg3+ 20. Kh1 Qh3+ 21. Kg1 Qg3+ 22. Kf1 Qh3+ 23. Ke1 Rad8 24. Qc2 Qh4+ 25. Bf2 Qh1+ 26. Bf1 Qxf3 27. Qe2 Qh1 28. Bxc5 Bxe4 29. Bxf8 Bf3 30. Qc2 Ng4 31. Bc5 Ne5 32. Nd5 exd5 33. cxd5 Bxd5 34. R1a3 Nf3+ 35. Rxf3 Bxf3 36. Qc4 Rd1+ 37. Kf2 Bc6 38. Ra3 Qh2+ 39. Ke3 Qd2# 0-1